Desarrollo profesional de las maestras de educación musical desde una perspectiva biográfico-narrativa /

Ante los numerosos cambios que se han sucedido en los contextos educativos y en el mundo profesional desde la creación de la figura del maestro especialista en Educación Musical parece necesario conocer cuál es la situación de estos profesionales, cómo han llegado hasta ella y cuáles son sus demanda...

Full description

Bibliographic Details
Main Author: Ocaña, Almudena
Format: Libro
Language:Spanish
Subjects:
Online Access:Acceso electrónico al documento

MARC

LEADER 00000cam a2200000 a 4500
001 040326
003 UAHC_CL
005 20170803124437.0
008 071218s es 000 spa
040 |a UAHC_CL  |c UAHC_CL  |d UAHC_CL 
100 1 |a Ocaña, Almudena 
245 1 0 |a Desarrollo profesional de las maestras de educación musical desde una perspectiva biográfico-narrativa /  |c Almudena Ocaña. 
500 |a En: Revista electrónica complutense de investigación en educación musical , vol. 3, 2006. ISSN 1698-7454Modo de acceso: Internet --(Página web visitada el 18 de diciembre 2007) 
520 |a Ante los numerosos cambios que se han sucedido en los contextos educativos y en el mundo profesional desde la creación de la figura del maestro especialista en Educación Musical parece necesario conocer cuál es la situación de estos profesionales, cómo han llegado hasta ella y cuáles son sus demandas y necesidades, de manera que se puedan configurar propuestas formativas más afines a la realidad educativa. En este sentido trabajamos en esta investigación con un grupo de maestras que accedieron a la especialización a principios de la década de los noventa, abordando el estudio de su desarrollo profesional desde un enfoque biográfico-narrativo. 
650 4 |a PROFESORES 
650 4 |a MUJERES 
650 4 |a EDUCACION MUSICAL 
856 |u http://www.ucm.es/info/reciem/v3n2.pdf  |3 Acceso electrónico al documento  |y Acceso electrónico al documento 
900 |a REV. ELECTRîN. COMPLUT. INVESTIG. EDUC. MUSIC.-03/06 
942 |c BK 
999 |c 40326  |d 40326